000 00686nam a2200217 a 4500
001 000043129
005 20201002040647.0
008 140220s1987 sp a 001 0 spa d
020 _a8420645125
040 _aDO-SdBNP
_bspa
_cBNPHU
041 1 7 _aspa
_heng
082 _axxx
_bxxx
100 1 _aGaziel,
_d1887-1964.
_970679
240 1 0 _aCastella endins.
_lEspañol
245 1 0 _aCastilla adentro /
_cGaziel ; versión española de María Teresa López.
260 _aMadrid :
_bAlianza,
_c1987.
300 _a215 p. :
_bil. ;
_c21 cm.
490 1 _aBiblioteca de cultura catalana
_v12
700 1 2 _aLópez, María Teresa
_970680
830 0 _aBiblioteca de cultura catalana ;
_n12
_970681
999 _c42618
_d42618